Missing Word: Books Beginning with 'M' Quiz Stats

Quiz Updated Aug 2, 2015

Challenge
Share
Tweet
Embed
Score 0/20 Timer 04:00
0 Plays Today
BOOKS ANSWER % Correct
Moby-____; or, The WhaleDick
97.8%
The Maltese ____Falcon
95.6%
Murder on the ____ ExpressOrient
95.2%
The Man in the ____ MaskIron
91%
Memoirs of a ____Geisha
90.2%
Madame ____Bovary
81.1%
The Man with the Golden ____Gun
79.8%
Moll ____Flanders
77.8%
Mansfield ____Park
77.4%
My Sister's ____Keeper
70.2%
BOOKS ANSWER % Correct
Mary ____Poppins
46.9%
Me Talk ____ One DayPretty
46.2%
Mrs ____Dalloway
44.8%
The Magician's ____Nephew
41.1%
My ____Ántonia
37.9%
Midnight's ____Children
37.8%
The Magnificent ____Ambersons
30.7%
Memoirs of a Fox-____ ManHunting
15.9%
The Master and ____Margarita
14.2%
Mission ____Earth
13.6%

Today's Daily Dose

Word Ladder
'90s Movies

Quick Pick
'Fire' Movies

On This Day
June 19th II

You're not logged in!

Compare scores with friends on all Sporcle quizzes.
Join for Free
OR
Log In

You Might Also Like...

Show Comments

Extras

Top Quizzes Today


Score Distribution

Your Account Isn't Verified!

In order to create a playlist on Sporcle, you need to verify the email address you used during registration. Go to your Sporcle Settings to finish the process.

Report this User

Report this user for behavior that violates our Community Guidelines.

Details: